000 005570000a22001930004500
003 LK-CoMWRAF
008 230817t ||||| |||| 00| 0 eng d
040 _aLK-CoMWRAF
_dLK-CoMWRAF
_eLK-CoMWRAF
041 _aeng
082 _a310
_bZUL
100 _aZulfiKa, M.I.M.S.F.
245 _aA study of the factors affecting the continuation of studies of Muslim girls after year 9 in Kalmunai District
_b
260 _aColombo
_bAuthor
_c1995
300 _ap.232
650 _amuslim women
650 _awomen & education
650 _awomen-SL
942 _cBK
999 _c2597
_d2597